000 01991cam a2200289 4500500
005 20260111071021.0
041 _afre
042 _adc
100 1 0 _aBonin-Guillaume, Sylvie
_eauthor
700 1 0 _aPickering, G.
_eauthor
700 1 0 _aCapriz, F.
_eauthor
245 0 0 _aLa prise en compte des troubles anxiodépressifs dans les douleurs procédurales chez le sujet âgé
260 _c2026.
500 _a17
520 _aLes symptômes anxieux et dépressifs du sujet âgé, volontiers atypiques et souvent mal repérés, majorent les vécus douloureux, notamment dans les douleurs induites ; ils peuvent alors exacerber volontiers les troubles du comportement ou s’aggraver secondairement dans le contexte. Ils sont parfois insuffisamment traités quand ils sont diagnostiqués ; ils doivent être reconnus et différenciés de la symptomatologie douloureuse ou des plaintes douloureuses, et être traités en tant que tels, afin de mieux contrôler ces douleurs plutôt prévisibles et pouvant être anticipées sur le plan algologique.
520 _aAnxiety and depression symptoms in older people, which are often atypical and difficult to identify, exacerbate painful experiences, particularly induced pain; they can then easily exacerbate behavioral disorders or worsen secondarily in this context. They are sometimes inadequately treated when diagnosed; they must be recognized and differentiated from pain symptoms or pain complaints, and treated as such, in order to better control these pains, which are fairly predictable and can be anticipated in terms of algology.
690 _aanxiété
690 _adépression
690 _adouleur
690 _asujet âgé
690 _aanxiety
690 _adepression
690 _aelderly
690 _apain
786 0 _nDouleur et analgésie | 38 | 4 | 2026-01-05 | p. 265-268 | 1011-288X
856 4 1 _uhttps://stm.cairn.info/revue-douleur-et-analgesie-2025-4-page-265?lang=fr&redirect-ssocas=7080
999 _c1614820
_d1614820